Gale force 10 (Record no. 103952)

MARC details
000 -LEADER
fixed length control field 00870cam a22002415a 4500
001 - CONTROL NUMBER
control field L128576
008 - FIXED-LENGTH DATA ELEMENTS--GENERAL INFORMATION
fixed length control field 050124s2002 xxka f 000 0aeng u
020 ## - INTERNATIONAL STANDARD BOOK NUMBER
International Standard Book Number 0747264856
035 ## - SYSTEM CONTROL NUMBER
System control number (Sirsi) u128576
041 ## - LANGUAGE CODE
Language code of text/sound track or separate title eng
050 04 - LIBRARY OF CONGRESS CALL NUMBER
Classification number 920 $2 18
100 1# - MAIN ENTRY--PERSONAL NAME
Personal name Courtney, Nicholas
245 00 - TITLE STATEMENT
Title Gale force 10
Remainder of title the life and legacy of Admiral Beaufort 1774-1857
260 ## - PUBLICATION, DISTRIBUTION, ETC.
Place of publication, distribution, etc. London
Name of publisher, distributor, etc. Review
Date of publication, distribution, etc. 2002
300 ## - PHYSICAL DESCRIPTION
Extent xii, 340p.
Other physical details col. ill.
Dimensions 20cm.
350 ## - PRICE (NR) (BK AM CF MU VM SE) [OBSOLETE]
Price 7.99
520 ## - SUMMARY, ETC.
Summary, etc. Biography of Rear-Admiral Sir Francis Beaufort who established the scale for denoting the force of wind now known as the Beaufort Scale. Beaufort also served on the council of the Royal Society and was Hydrographer to the Navy for 26 years.
600 14 - SUBJECT ADDED ENTRY--PERSONAL NAME
Personal name Beaufort, Francis
Dates associated with a name 1774-1857
650 ## - SUBJECT ADDED ENTRY--TOPICAL TERM
Topical term or geographic name entry element BIOGRAPHY
651 #4 - SUBJECT ADDED ENTRY--GEOGRAPHIC NAME
Geographic name United Kingdom
690 ## - LOCAL SUBJECT ADDED ENTRY--TOPICAL TERM (OCLC, RLIN)
Topical term or geographic name as entry element Hydrography
9 (RLIN) 6245
942 ## - ADDED ENTRY ELEMENTS (KOHA)
Suppress in OPAC 0
Source of classification or shelving scheme Dewey Decimal Classification
Holdings
Withdrawn status Lost status Source of classification or shelving scheme Damaged status Not for loan Home library Current library Shelving location Date acquired Cost, normal purchase price Total Checkouts Full call number Barcode Date last seen Date last checked out Copy number Cost, replacement price Price effective from Koha item type
    Dewey Decimal Classification     London London Books 02/03/2005 9.14 3 920 COU 30062540 06/08/2019 26/08/2009 1 9.14 06/08/2019 Book